000 003860000a22001450004500
001 004357
003 MACL
040 _aMACL
090 _c16350
_d16349
100 _aShastri, J.L.
245 _aAncient IndianTradition & Mythology Volume 41 Part 1
_bThe Padma P̜urana Part 3
_cJ.L. Shastri
260 _aMotilal Banarsidass Publishers,
_c2002
650 _aReligion
942 _k295
_cBook
999 _c16248
_d16248